| 000 | 01116nam a2200349 4500 | ||
|---|---|---|---|
| 001 | 91830 | ||
| 003 | DO-SdBNP | ||
| 005 | 20180214103237.0 | ||
| 007 | 91830 | ||
| 008 | 870818s1996 mx a 000 spa | ||
| 016 | 7 | _2BPMSU | |
| 020 | _a9684323158 | ||
| 040 |
_aBPMSU _bspa _cBPMSU |
||
| 041 | 1 | _aspa | |
| 082 |
_a843.8 _bV531v |
||
| 092 | _a | ||
| 100 | 1 |
_aVerne, Julio, _d1828-1905. |
|
| 240 | 1 | 0 |
_aVoyage au centre de la terre. _lEspañol |
| 245 | 1 | 0 |
_aViaje al centro de la tierra ; El doctor Ox ; Maese Zacarías ; Un drama en los aires. _cJulio Verne ; nota de María Elvira Bermúdez. |
| 250 | _a11a. ed. | ||
| 260 |
_aMéxico : _bEditorial Porrúa, _c1996. |
||
| 300 |
_a207 p. : _bil. ; _c21cm. |
||
| 490 | 1 |
_a Sepan cuantos _v 116 |
|
| 505 |
_tDoctor Ox -- _tMaese Zacarías -- _tDrama en los aires -- |
||
| 650 | _aCUENTOS INFANTILES FRANCESES | ||
| 700 | 1 | 2 |
_aBermúdez, María Elvira, _d1912- |
| 830 | 0 |
_p Sepan cuantos _v116 |
|
| 910 | _aValidado. Control de calidad MFF | ||
| 942 |
_2ddc _cBK |
||
| 945 | _aInventariado, 2018 /LP | ||
| 956 |
_aVMATEO _210 _320160801 _6BPMSU _80069 |
||
| 999 |
_c11066 _d11066 |
||